| 000 | 00763cam a22002531 4500 | ||
|---|---|---|---|
| 001 | sa 67002946 | ||
| 003 | DLC | ||
| 005 | 20260227112334.0 | ||
| 008 | 910225s1966 ii h b 000 0 urdr | ||
| 010 | _asa 67002946 | ||
| 025 | _aPL480:I-U-1510 | ||
| 035 | _a(OCoLC)23154144 | ||
| 040 |
_aDLC _cWaU _dWaU _dDLC |
||
| 042 | _apremarc | ||
| 043 | _aa-ii--- | ||
| 050 | 0 | 0 |
_aDS478.A1 _bS5 |
| 100 | 1 | _aSiddiqi, M. Atique. | |
| 245 | 1 | 0 |
_aAṭṭhārah sau sattāvan, ak̲h̲bār aur dastāvezen̲. _cMurattabah-yi Atique M. Ṣiddīqī |
| 260 |
_aDihlī, _bMaktabah-yi Shāhrāh _c[1966] |
||
| 300 |
_a447 p. _bfacsims. _c22 cm. |
||
| 500 | _aIn Urdu. | ||
| 504 | _aBibliography: p. 429-430. | ||
| 651 | 0 |
_aIndia _xHistory _ySepoy Rebellion, 1857-1858 _xSources. |
|
| 999 |
_c73546 _d73546 |
||